Obras de Santa Teresa de Jesús, fundadora de la reforma de la orden de nuestra Señora del Carmen

Detalles Bibliográficos
Autor principal: JESUS, Teresa de ( Santa )
Formato: Libro
Publicado: Barcelona 1887
Edición:3a ed..
Materias:
Colección:Banco de datos
Acervo:Biblioteca del Ex Convento de Nuestra Señora de Guadalupe. Zacatecas
Descripción Física:t. III
Tema general:Ascética
Notas:Buena. XIX,10,35 (6376)
LEADER 00768nam a22002170004500
035 |a 43419 
036 |a 4603 
100 1 |a JESUS, Teresa de ( Santa ) 
245 1 0 |a Obras de Santa Teresa de Jesús, fundadora de la reforma de la orden de nuestra Señora del Carmen 
250 |a 3a ed.. 
260 |a Barcelona  |b Librería Religiosa  |c 1887 
300 |a t. III 
500 |a Buena. XIX,10,35 (6376) 
650 1 0 |a Ascética 
949 |a CRZ-CG 
959 |a Ex convento de Nuestra Señora de Guadalupe, Museo Regional de Zacatecas, Zacatecas  |b CCC4 
960 |a Convento de Nuestra Señora de Guadalupe, Zacatecas  |b DD87 
961 |a Franciscana  |b OF 
942 |c CRZ-CG 
943 |g Biblioteca del Ex Convento de Nuestra Señora de Guadalupe. Zacatecas 
999 |c 967546  |d 967546